| 000 | 00467nam a22001817a 4500 | ||
|---|---|---|---|
| 003 | CEME | ||
| 005 | 20210628201636.0 | ||
| 008 | 210212b xxu||||| |||| 00| 0 eng d | ||
| 020 | _a0-13-598335-5 | ||
| 040 | _c. | ||
| 082 | _a510 TAN | ||
| 100 |
_aTannenbaum, Peter Arnold, Robert _956140 |
||
| 245 | _aExcursions in modern mathematics | ||
| 260 |
_aNEW JERSEY _bPRENTICE HALL _c1998 |
||
| 300 | _aXVIII,587P | ||
| 650 |
_aMATHEMATICS _913854 |
||
| 942 |
_cBK _2ddc |
||
| 999 |
_c566657 _d566657 |
||